MARC

LEADER 00000nam0a2200000 4500
001 255157
005 20231101233011.0
010 |a 524400249Х 
035 |a (RuTPU)RU\TPU\book\277660 
090 |a 255157 
100 |a 20140326d1989 k y0rusy50 ca 
101 0 |a rus 
102 |a RU 
105 |a y z 001zy 
200 1 |a Жизненная позиция личности: Идеологический и социально-психологический аспекты  |f В. Н. Маркин 
210 |a Москва  |c Мысль  |d 1989 
215 |a 171с. 
320 |a Библиогр.: с. 160-170. 
606 1 |a Личность  |x Формирование  |x Социальная философия  |2 stltpush  |3 (RuTPU)RU\TPU\subj\40533  |9 60379 
610 1 |a человек 
610 1 |a идеологические ценности 
610 1 |a психологические аспекты 
610 1 |a жизненная позиция 
610 1 |a социальные установки 
686 |a Ю612.3  |v LBC/SL-A  |2 rubbk 
700 1 |a Маркин  |b В. Н.  |g Владимир Николаевич 
801 1 |a RU  |b 63413507  |c 20140326 
801 2 |a RU  |b 63413507  |c 20140415  |g RCR 
942 |c BK